000 00488nam a2200169 i 4500
001 68025
003 ES-MaACL
005 20230906170205.0
007 t|
008 040217s1952 sp ||||1| spa d
100 1 _aGámez Invernon, J.
_953789
245 1 0 _aPoesía /
_cde J. Gámez Invernon ; con epílogo de Pablo Puche.
260 _a[Madrid] :
_bLira,
_c[1952] (
_fMonteverde)
300 _a154 p. ;
_c20 cm.
700 1 _aPuche, Pablo.
_994118
852 _aES-MaACL
_jD-8259
_bR.32492
999 _c68025
_d68025